[Event "AUTO-MASTER-1681"]
[Site "http://www.queenalice.com/game.php?id=1076300"]
[Date "2012.6.25"]
[Round "1"]
[White "leclair"]
[Black "carlosfed"]
[Result "1-0"]
[WhiteElo "2047"]
[BlackElo "1804"]

1. e4 e5 2. Nc3 a6 3. d4 exd4 4. Qxd4 Nc6 5. Qe3 g6 6. Bd2 Bg7 7. O-O-O Nge7 8.
f4 d6 9. Nf3 Bd7 10. Bc4 b5 11. Bb3 Na5 12. Rhe1 Nxb3+ 13. cxb3 c6 14. e5 dxe5
15. Nxe5 Bf6 16. Ne4 Bxe5 17. fxe5 Be6 18. Nf6+ 1-0

[Event "AUTO-MASTER-1681"]
[Site "http://www.queenalice.com/game.php?id=1076307"]
[Date "2012.6.25"]
[Round "1"]
[White "UKopra"]
[Black "leclair"]
[Result "1-0"]
[WhiteElo "1810"]
[BlackElo "1804"]

1. d4 Nf6 2. c4 g6 3. Nc3 Bg7 4. e4 d6 5. Nf3 O-O 6. Be2 e5 7. O-O Re8 8. d5 Na6
9. Bg5 h6 10. Bd2 Nc5 11. Qc2 a5 12. g3 Rf8 13. Nh4 g5 14. Ng2 Ne8 15. f4 exf4
16. gxf4 gxf4 17. Rxf4 1-0

[Event "AUTO-MASTER-1681"]
[Site "http://www.queenalice.com/game.php?id=1076308"]
[Date "2012.6.25"]
[Round "1"]
[White "leclair"]
[Black "UKopra"]
[Result "1-0"]
[WhiteElo "2032"]
[BlackElo "1853"]

1. e4 c5 2. f4 d6 3. Nc3 Nc6 4. Bb5 Bd7 5. Nf3 g6 6. O-O Bg7 7. d3 e6 8. Bxc6
Bxc6 9. Qe2 Ne7 10. f5 exf5 11. exf5 O-O 12. Bg5 f6 13. fxg6 fxg5 14. gxh7+ Kxh7
15. Nxg5+ Kg8 16. Qe6+ 1-0

[Event "AUTO-ADV-2547"]
[Site "http://www.queenalice.com/game.php?id=1076545"]
[Date "2012.6.26"]
[Round "1"]
[White "jpolgar99"]
[Black "leclair"]
[Result "1-0"]
[WhiteElo "1943"]
[BlackElo "1897"]

1. e4 c5 2. Nf3 d6 3. d4 cxd4 4. Nxd4 Nf6 5. Nc3 g6 6. Bg5 Bg7 7. Qd2 Nc6 8.
O-O-O O-O 9. Bh6 Nxd4 10. Bxg7 Nb3+ 11. axb3 Kxg7 12. h4 h5 13. Be2 Qa5 14. Qd3
Be6 15. Kd2 Rfc8 16. f3 Rc5 17. Qe3 Rac8 18. Rhg1 1-0

[Event "AUTO-ADV-2547"]
[Site "http://www.queenalice.com/game.php?id=1076546"]
[Date "2012.6.26"]
[Round "1"]
[White "leclair"]
[Black "jpolgar99"]
[Result "0-1"]
[WhiteElo "1912"]
[BlackElo "1928"]

1. e4 c6 2. d4 d5 3. e5 Bf5 4. Nc3 e6 5. g4 Bg6 6. Nge2 h6 7. Be3 Nd7 8. Ng3 c5
9. f4 cxd4 10. Bxd4 Bc5 11. Bb5 Bxd4 12. Qxd4 a6 13. Bd3 Ne7 14. f5 Nc6 15. Qf4
Bh7 16. O-O-O Rf8 17. Nh5 Rg8 0-1

[Event "AUTO-ADV-2547"]
[Site "http://www.queenalice.com/game.php?id=1076562"]
[Date "2012.6.26"]
[Round "1"]
[White "leclair"]
[Black "DeomoNNio"]
[Result "0-1"]
[WhiteElo "1874"]
[BlackElo "2085"]

1. e4 e5 2. Nc3 Nf6 3. Bc4 Be7 4. d3 O-O 5. f4 d6 6. Nf3 c5 7. fxe5 dxe5 8. Nxe5
Bd6 9. Nf3 Bg4 10. O-O Nc6 11. Ne2 Bxf3 12. Rxf3 Ne5 13. Bg5 Nxf3+ 14. gxf3 Be7
0-1

[Event "AUTO-ADV-2547"]
[Site "http://www.queenalice.com/game.php?id=1076563"]
[Date "2012.6.26"]
[Round "1"]
[White "DeomoNNio"]
[Black "leclair"]
[Result "1-0"]
[WhiteElo "2093"]
[BlackElo "1866"]

1. e4 c5 2. Nf3 d6 3. Bb5+ Bd7 4. Bxd7+ Qxd7 5. d4 cxd4 6. Nxd4 Nc6 7. Nc3 O-O-O
8. Be3 Nf6 9. h3 Kb8 10. Qe2 e5 11. Nb3 d5 12. exd5 Nxd5 13. Nxd5 Qxd5 14. O-O
Be7 15. Rfd1 Qe6 16. a3 1-0

[Event "AUTO-ADV-2547"]
[Site "http://www.queenalice.com/game.php?id=1076564"]
[Date "2012.6.26"]
[Round "1"]
[White "leclair"]
[Black "MariusLola"]
[Result "0-1"]
[WhiteElo "1839"]
[BlackElo "1784"]

1. e4 e5 2. Nc3 Nc6 3. f4 exf4 4. Bc4 Qh4+ 5. Kf1 Bc5 6. Qe2 Nd4 7. Nf3 Nxe2 8.
Nxh4 Nd4 9. Nd5 Bb6 10. c3 Ne6 11. d4 c6 12. Nxf4 Nf6 13. Nf5 O-O 14. e5 Nxf4
15. Bxf4 Nd5 16. Bxd5 cxd5 0-1

[Event "AUTO-ADV-2547"]
[Site "http://www.queenalice.com/game.php?id=1076565"]
[Date "2012.6.26"]
[Round "1"]
[White "MariusLola"]
[Black "leclair"]
[Result "1-0"]
[WhiteElo "1764"]
[BlackElo "1859"]

1. Nf3 f5 2. d3 Nf6 3. e4 d6 4. e5 Ng4 5. exd6 cxd6 6. Be2 e5 7. h3 Nf6 8. O-O
Be7 9. Bg5 h6 10. Bxf6 Bxf6 11. Nc3 Be6 12. b3 Nc6 13. Rb1 Qe7 14. Na4 O-O 15.
a3 Rae8 16. Re1 d5 17. b4 1-0

[Event "AUTO-OPEN-2725"]
[Site "http://www.queenalice.com/game.php?id=1076616"]
[Date "2012.6.26"]
[Round "1"]
[White "HILITO"]
[Black "leclair"]
[Result "1-0"]
[WhiteElo "2126"]
[BlackElo "1821"]

1. e4 c5 2. Nf3 d6 3. d3 Nc6 4. Nbd2 Bd7 5. g3 e5 6. Bg2 Nge7 7. O-O g6 8. Nc4
Qc7 9. Bg5 Bg7 10. c3 O-O 11. Qd2 b5 12. Ne3 h6 13. Bxe7 Nxe7 14. Rac1 Qb7 15.
d4 Rad8 16. d5 Rb8 17. b3 a5 18. c4 b4 19. h3 a4 20. Nh2 1-0

[Event "AUTO-OPEN-2725"]
[Site "http://www.queenalice.com/game.php?id=1076617"]
[Date "2012.6.26"]
[Round "1"]
[White "leclair"]
[Black "HILITO"]
[Result "0-1"]
[WhiteElo "1817"]
[BlackElo "2129"]

1. e4 c6 2. d4 d5 3. e5 Bf5 4. Nc3 e6 5. g4 Bg6 6. Nge2 h5 7. Nf4 Be4 8. f3 Qh4+
9. Ke2 Bg6 10. Nxg6 fxg6 11. Qd3 Kf7 12. Be3 hxg4 13. f4 Ne7 14. Bf2 Qh5 15. Bg3
Nf5 16. Bg2 Nd7 17. Rab1 Bb4 18. a3 Ba5 19. b4 Bb6 20. Bf2 g3+ 0-1

[Event "AUTO-OPEN-2725"]
[Site "http://www.queenalice.com/game.php?id=1076638"]
[Date "2012.6.26"]
[Round "1"]
[White "MrDJRVD"]
[Black "leclair"]
[Result "1-0"]
[WhiteElo "1695"]
[BlackElo "1964"]

1. d4 Nf6 2. e3 g6 3. Nf3 Bg7 4. g3 O-O 5. Bg2 d5 6. O-O c6 7. Nbd2 Nbd7 8. c4
Ng4 9. b3 e5 10. Bb2 e4 11. Ng5 Qxg5 12. Bh3 Ndf6 13. cxd5 cxd5 14. Rc1 Nxe3 15.
fxe3 Bxh3 16. Re1 Nh5 17. Re2 Bg4 18. Qe1 Bxe2 19. Qxe2 Nf6 20. Rc5 1-0

[Event "AUTO-OPEN-2725"]
[Site "http://www.queenalice.com/game.php?id=1076639"]
[Date "2012.6.26"]
[Round "1"]
[White "leclair"]
[Black "MrDJRVD"]
[Result "0-1"]
[WhiteElo "1937"]
[BlackElo "1722"]

1. e4 c5 2. f4 d6 3. Nf3 g6 4. Bc4 Bg7 5. O-O Nf6 6. d3 O-O 7. Qe1 Nc6 8. c3 a6
9. a4 Bd7 10. Qh4 Nh5 11. g4 Bf6 12. g5 Bg7 13. Nbd2 Kh8 14. Rf2 e6 15. Nf1 b5
16. Bb3 f6 17. Ng3 Nxg3 18. hxg3 fxg5 19. Nxg5 h6 0-1

[Event "AUTO-OPEN-2725"]
[Site "http://www.queenalice.com/game.php?id=1076650"]
[Date "2012.6.26"]
[Round "1"]
[White "dutra2302"]
[Black "leclair"]
[Result "1-0"]
[WhiteElo "1998"]
[BlackElo "1788"]

1. Nf3 f5 2. b3 d6 3. Bb2 e5 4. d3 Nf6 5. Nc3 g6 6. e4 Bg7 7. h3 Nh5 8. exf5 O-O
9. fxg6 hxg6 10. Nd5 c6 11. Ne3 Na6 12. g3 Nc5 13. Bg2 a5 14. O-O Qe7 15. d4
exd4 16. Bxd4 Qf7 17. Ng5 Qe7 18. Bxg7 1-0

[Event "AUTO-OPEN-2725"]
[Site "http://www.queenalice.com/game.php?id=1076651"]
[Date "2012.6.26"]
[Round "1"]
[White "leclair"]
[Black "dutra2302"]
[Result "0-1"]
[WhiteElo "1780"]
[BlackElo "2006"]

1. e4 c5 2. f4 Nc6 3. Nf3 e6 4. Nc3 d5 5. Bb5 a6 6. Bxc6+ bxc6 7. O-O d4 8. Na4
d3 9. b3 Nf6 10. Re1 Be7 11. c4 h6 12. Bb2 Qc7 13. Re3 Qxf4 14. Be5 Qg4 15. h3
Qh5 16. Nb6 Bb7 17. Nxa8 Bxa8 18. Qf1 O-O 19. Qxd3 Rd8 20. Qc3 Qg6 21. d3 Nd7
22. Rf1 f6 0-1

[Event "AUTO-MASTER-1682"]
[Site "http://www.queenalice.com/game.php?id=1076688"]
[Date "2012.6.26"]
[Round "1"]
[White "dutra2302"]
[Black "leclair"]
[Result "1-0"]
[WhiteElo "2013"]
[BlackElo "1773"]

1. Nf3 f5 2. b3 d6 3. Bb2 e5 4. d3 Nf6 5. Nc3 h6 6. e3 g5 7. d4 Qe7 8. dxe5 dxe5
9. Bc4 Bg7 10. Qe2 Nc6 11. Nd5 Nxd5 12. Bxd5 Bd7 13. a4 O-O-O 14. a5 Rhe8 15. a6
b6 16. Ba3 Qf6 17. O-O e4 18. Nd2 f4 19. Nxe4 Qe5 20. c4 Na5 21. Rab1 1-0

[Event "AUTO-MASTER-1682"]
[Site "http://www.queenalice.com/game.php?id=1076689"]
[Date "2012.6.26"]
[Round "1"]
[White "leclair"]
[Black "dutra2302"]
[Result "0-1"]
[WhiteElo "1767"]
[BlackElo "2019"]

1. e4 c5 2. f4 Nc6 3. Nf3 e6 4. Bb5 Qb6 5. Qe2 Nf6 6. Bxc6 Qxc6 7. d3 Be7 8. Nc3
b5 9. e5 Nd5 10. Ne4 a5 11. O-O c4 12. Kh1 cxd3 13. cxd3 b4 14. Bd2 Ba6 15. Nd4
Qc7 16. Rac1 Qb6 17. Be3 O-O 18. Bg1 Rac8 19. f5 Rxc1 20. Rxc1 Nf4 0-1

[Event "AUTO-MASTER-1682"]
[Site "http://www.queenalice.com/game.php?id=1076712"]
[Date "2012.6.26"]
[Round "1"]
[White "leclair"]
[Black "pviaro"]
[Result "0-1"]
[WhiteElo "1878"]
[BlackElo "2173"]

1. e4 e5 2. Nc3 Nf6 3. Bc4 Bc5 4. d3 d6 5. h3 a6 6. a4 Nc6 7. Nf3 O-O 8. Bg5 h6
9. Be3 Bb4 10. O-O Ne7 11. Ne2 c6 12. c3 Ba5 0-1

[Event "AUTO-MASTER-1682"]
[Site "http://www.queenalice.com/game.php?id=1076713"]
[Date "2012.6.26"]
[Round "1"]
[White "pviaro"]
[Black "leclair"]
[Result "1-0"]
[WhiteElo "2170"]
[BlackElo "1883"]

1. e4 c5 2. c4 Nc6 3. g3 g6 4. Bg2 Bg7 5. Ne2 e6 6. O-O Nge7 7. Nbc3 O-O 8. d3
a6 9. a3 Nd4 10. f4 Rb8 11. Kh1 1-0